| 000 | 01041nam a22002777a 4500 | ||
|---|---|---|---|
| 005 | 2010090808328.0 | ||
| 008 | 100908t xxu||||| |||| 00| 0 eng d | ||
| 010 | _aB-420993 | ||
| 020 |
_a9788124112298 _c40.00 |
||
| 020 |
_a8124112290 _c40.00 |
||
| 035 | _aB-420993 | ||
| 037 | _bDBAD / Gift | ||
| 040 |
_adpl _bEnglish |
||
| 082 | _aS | ||
| 100 |
_aAndersen, Hans Christian _918946 |
||
| 245 |
_aThe little mermaid / _cby Hans Christian Andersen |
||
| 260 |
_aNew Delhi _bHar-Anand Publications _c200? |
||
| 300 |
_a80p. : _bill. ; _c21cm (pbk) |
||
| 490 |
_aTreasure of classics _918947 |
||
| 520 | _aA little sea princess, longing to be human, trades her mermaid's tail for legs, hoping to win the heart of the prince she loves. | ||
| 650 |
_aFairy tales. _918948 |
||
| 650 |
_aMermaids _xFiction. _918949 |
||
| 700 |
_aRaghu G. _918950 |
||
| 942 |
_2ddc _cCH _hS _mAND |
||
| 999 |
_c44524 _d44524 |
||